00853cam a2200241 a 4500001000800000005001700008008004100025020001500066040001800081082002000099245006700119260006600186300004000252500002400292504002700316650003300343653002500376655002400401700002700425942002000452999001700472952012200489288123120140302112947.0860509t1987 xxua grb 001 0 eng d a0669063444 aDLCcDLCdDLC04a658.45222bCOM00aCommunicating in business today /cRuth G. Newman ... [et al.] aLexington, United States :bD. C. Heath and Company,cc.1987. axxv, 626 p. :bill (col.) ;c25 cm. aIndex : p. 621-626. aBibliography : p. 613. 0aBusiness communication93738 bBUSADMcFebruary2014 vreading book9342321 aNewman, Ruth G.935044 2ddck658.45 COM c18016d17988 00102ddc40708Donation-GaMAINbMAINc1STd2014-02-03eDonationl0o658.45 COMp000035570r2025-07-15 00:00:00yBB